Benefc̕ios por Incapacidade Temporr̀ia no Mundo

Bibliographic Details
Main Author: Lima Nunes, Fb̀io De Souza
Format: eBook
Language:Portuguese
Published: San Pablo: Pillares, 2017
Subjects:
Online Access:Acceso restringido

MARC

LEADER 00000nam a22000007a 4500
005 20180420223028.0
007 cr|||| ||||
008 180420s2017 br |||||s|||| 00||0 por d
020 |a 978-85-8183-094-0 
035 |a 21449 
040 |a vLex 
090 |c 7793  |d 7793 
100 1 |a Lima Nunes, Fb̀io De Souza 
245 1 0 |a Benefc̕ios por Incapacidade Temporr̀ia no Mundo  |h [Recurso electrn̤ico] /  |c Fb̀io De Souza Lima Nunes 
256 |a Servicio en ln̕ea 
260 |a San Pablo:  |b Pillares,  |c 2017 
300 |a 1 recurso electrn̤ico 
506 1 |a Disponible solo en los productos indicados  |d vLex Global  |d vLex Global (Academic Edition, excluding Law Schools)  |d vLex Global (U.S. Academic Edition, Law Schools)  |d vLex Global (U.S. Academic Edition, excluding Law Schools)  |d vLex Global (Academic Edition, Law Schools) 
650 0 4 |a Derecho Laboral y Seguridad Social  |z Brasil 
650 0 4 |a Derecho Constitucional  |z Brasil 
740 0 |a vLex Libros (Servicio en ln̕ea) 
856 4 0 |u http://vlex.com/source/beneficios-por-incapacidade-temporaria-no-mundo-21449  |z Acceso restringido 
942 |c BOOK 
999 0 |a Labor Law and Social Security 
999 0 |a Constitutional Law